000
00208 a2200097 4500
001
29116
100
_a
Shervani H K
245
_a
Muslim Colonics in France
260
_a
_b
M Ashraf
_c
090
_c
19444
_d
19444
942
_a
NUST-CAE
_c
M
_c
10496
999
_c
264189
_d
264189